书目信息 |
| 题名: |
实用科学与工程计算方法
|
|
| 作者: | 角仕云 , 刘丽娅 编著 | |
| 分册: | ||
| 出版信息: | 北京 科学出版社 2000.01 |
|
| 页数: | 222页 | |
| 开本: | 16开 | |
| 丛书名: | ||
| 单 册: | ||
| 中图分类: | N32 | |
| 科图分类: | ||
| 主题词: | 自然科学--统计法 , 自然科学--计算方法 | |
| 电子资源: | ||
| ISBN: | 7-03-007465-3 | |
| 000 | 00652nam0 2200217 45 | |
| 001 | 0012181625 | |
| 005 | 20001218162550.0 | |
| 010 | @a7-03-007465-3@d22.00元 | |
| 100 | @a20001218d2000 km y0chiy0120 ea | |
| 101 | 0 | @achi |
| 105 | @a z 000yy | |
| 200 | 1 | @a实用科学与工程计算方法@AShi Yong Ke Xue Yu Gong Cheng Ji Suan Fang Fa@f角仕云,刘丽娅编著@FJiao Shi Yun,Liu Li Ya Bian Zhu |
| 210 | @a北京@c科学出版社@d2000.01 | |
| 215 | @a222页@d16开 | |
| 606 | 0 | @a自然科学@x统计法 |
| 606 | 0 | @a自然科学@x计算方法 |
| 690 | @aN32@v3 | |
| 701 | 0 | @a角仕云@4编著 |
| 701 | 0 | @a刘丽娅@4编著 |
| 801 | @aCN@bPftUser@c20001218 | |
| 905 | @b308621@dN32@eJ925@f1 | |
| 实用科学与工程计算方法/角仕云,刘丽娅编著.-北京:科学出版社,2000.01 |
| 222页;16开 |
| ISBN 7-03-007465-3:22.00元 |
| ● |
| 相关链接 |
|
|
|
正题名:实用科学与工程计算方法
索取号:N32/J925
 
预约/预借
| 序号 | 登录号 | 条形码 | 馆藏地/架位号 | 状态 | 备注 |
| 1 | 308621 | 203086212 | 自科库401/401自科库 139排2列1层/ [索取号:N32/J925] | 在馆 |